The coronas-f space mission (Record no. 19024)

MARC details
000 -LEADER
fixed length control field 00621nam a2200193Ia 4500
003 - CONTROL NUMBER IDENTIFIER
control field IN-BaIIA
008 - FIXED-LENGTH DATA ELEMENTS--GENERAL INFORMATION
fixed length control field 211028s9999 xx 000 0 eng d
020 ## - INTERNATIONAL STANDARD BOOK NUMBER
International Standard Book Number 978-3-642-39267-2
040 ## - CATALOGING SOURCE
Transcribing agency IIA Library
080 ## - UNIVERSAL DECIMAL CLASSIFICATION NUMBER
Universal Decimal Classification number 52(082.1)
Item number ASS-400
245 #4 - TITLE STATEMENT
Title The coronas-f space mission
Remainder of title key results for solar terrestrial physics
Statement of responsibility, etc. edited by Vladimir Kuznetsov
260 ## - PUBLICATION, DISTRIBUTION, ETC.
Place of publication, distribution, etc. Heidelberg
Name of publisher, distributor, etc. Springer
Date of publication, distribution, etc. 2014
300 ## - PHYSICAL DESCRIPTION
Extent xi, 483p.
490 ## - SERIES STATEMENT
Series statement Astrophysics and space science library; v. 400
650 ## - SUBJECT ADDED ENTRY--TOPICAL TERM
Topical term or geographic name entry element Science - Astronom
9 (RLIN) 36321
650 ## - SUBJECT ADDED ENTRY--TOPICAL TERM
Topical term or geographic name entry element Solar activity
9 (RLIN) 1424
700 ## - ADDED ENTRY--PERSONAL NAME
Personal name Kuznetsov, Vladimir ed.
9 (RLIN) 36322
942 ## - ADDED ENTRY ELEMENTS (KOHA)
Koha item type Books
Holdings
Withdrawn status Lost status Damaged status Not for loan Home library Current library Shelving location Date acquired Source of acquisition Total Checkouts Full call number Barcode Date last seen Price effective from Koha item type
        IIA Library-Bangalore IIA Library-Bangalore General Stacks 30/04/2015 ANJ   52(082.1)/ ASS-400 19946 05/11/2021 30/04/2015 Books

Powered by Koha